MARC details
| 000 -LEADER |
| campo de control de longitud fija |
01749nam a2200397 i 4500 |
| 001 - NÚMERO DE CONTROL |
| campo de control |
193203 |
| 003 - IDENTIFICADOR DE NÚMERO DE CONTROL |
| campo de control |
ES-MaRBCM |
| 005 - FECHA Y HORA DE LA ÚLTIMA TRANSACCIÓN |
| campo de control |
20240824203005.0 |
| 007 - CAMPO FIJO DE DESCRIPCIÓN FÍSICA--INFORMACIÓN GENERAL |
| campo de control de longitud fija |
ta |
| 008 - DATOS DE LONGITUD FIJA--INFORMACIÓN GENERAL |
| campo de control de longitud fija |
231003s2004 sp 00011 spa d |
| 017 ## - NÚMERO DE COPYRIGHT O DE DEPÓSITO LEGAL |
| Número de copyright o de depósito legal |
CC 198-2004 |
| 020 ## - NÚMERO INTERNACIONAL ESTÁNDAR DEL LIBRO |
| Número Internacional Estándar del Libro |
8495239779 |
| 035 ## - NÚMERO DE CONTROL DEL SISTEMA |
| Número de control de sistema |
M-RBMALC 0059714 |
| 035 ## - NÚMERO DE CONTROL DEL SISTEMA |
| Número de control de sistema |
CCBIP02473837 |
| 040 ## - FUENTE DE CATALOGACIÓN |
| Centro catalogador/agencia de origen |
M-RBMALC |
| Lengua de catalogación |
spa |
| Centro/agencia transcriptor |
M-RBMALC |
| Centro/agencia modificador |
ES-MaACL |
| 080 ## - NÚMERO DE LA CLASIFICACIÓN DECIMAL UNIVERSAL |
| Número de la Clasificación Decimal Universal |
821.134.2-32"19"(082.2)(067) |
| 245 00 - MENCIÓN DEL TÍTULO |
| Título |
Certamen Literario Internacional "Villa de Montánchez" : |
| Resto del título |
relatos / |
| Mención de responsabilidad, etc. |
edición al cuidado de Hilario José Gómez |
| 246 00 - FORMA VARIANTE DEL TITULO |
| Título propio/Titulo breve |
Relatos : |
| Resto del título |
Certamen Literario Internacional "Villa de Montánchez" |
| 260 ## - PUBLICACIÓN, DISTRIBUCIÓN, ETC. |
| Lugar de publicación, distribución, etc. |
Montánchez : |
| Nombre del editor, distribuidor, etc. |
Ayuntamiento, Concejalía de Cultura ; |
| Lugar de publicación, distribución, etc. |
Cáceres : |
| Nombre del editor, distribuidor, etc. |
Institución Cultural "El Brocense", |
| Fecha de publicación, distribución, etc. |
[2004] |
| 300 ## - DESCRIPCIÓN FÍSICA |
| Extensión |
158 páginas ; |
| Dimensiones |
24 cm |
| 336 ## - TIPO DE CONTENIDO |
| Término de tipo de contenido |
Texto (visual) |
| Fuente |
isbdcontent] |
| 337 ## - TIPO DE MEDIO |
| Nombre/término del tipo de medio |
sin mediación |
| Fuente |
isbdmedia] |
| 338 ## - TIPO DE SOPORTE |
| Fuente |
rdacarrier |
| Nombre/término del tipo de soporte |
volumen |
| 500 ## - NOTA GENERAL |
| Nota general |
Reúne los relatos ganadores de las cinco primeras ediciones (2000-2004), junto con algún accésit, del Certamen Literario Internacional "Villa de Montánchez" |
| 655 #7 - TERMINO DE INDIZACIÓN--GENERO/FORMA |
| 9 (RLIN) |
226829 |
| Datos o término principal de género/forma |
Cuentos |
| 700 1# - ENTRADA AGREGADA--NOMBRE PERSONAL |
| Nombre de persona |
Jiménez Gómez, Hilario, |
| Fechas asociadas al nombre |
1974- |
| 9 (RLIN) |
158180 |
| Término indicativo de función/relación |
Editor literario |
| 710 1# - ENTRADA AGREGADA--NOMBRE DE ENTIDAD CORPORATIVA |
| 9 (RLIN) |
158181 |
| Nombre de entidad corporativa o nombre de jurisdicción como elemento de entrada |
Montánchez. |
| Unidad subordinada |
Ayuntamiento |
| 710 2# - ENTRADA AGREGADA--NOMBRE DE ENTIDAD CORPORATIVA |
| 9 (RLIN) |
4713 |
| Nombre de entidad corporativa o nombre de jurisdicción como elemento de entrada |
Institución Cultural "El Brocense" |
| 852 ## - LOCALIZACIÓN |
| Ubicación |
ES-MaACL |
| itemnumber |
200583 |
| Sublocalización o colección |
R.154611 |
| Número de control de estantería |
N-9370 |
| Ubicación en estantería |
Depósito J |
| Donativo/Legado |
Donación: José Lázaro García |
| Encuadernación |
Encuadernación rústica con solapas |
| 903 ## - NOMBRE PERSONAL DE DONANTE |
| 9 |
234219 |
| a |
Lázaro García, José |
| e |
Donante |
| 942 ## - ELEMENTOS DE ENTRADA SECUNDARIOS (KOHA) |
| Suprimir en OPAC |
No |
| Tipo de ítem Koha |
Libro impreso |